00536nam a22001812 4500001001100000005001700011008004100028020001700069040001500086100002900101245009600130250001300226260003000239300001800269650003400287700003000321852000300351000001265020151217152111.0090302s xx 000 0 eng d a061905865x : aKABUcKABU1 aBlanc, Iris.@000011737010aPerforming with Microsoft Office, projects for the entrepreneur /cIris Blanc, Cathy Vento. a1st ed. aBoston :bThomson,c2003. axxiv, 528 p. 0aMicrosoft Office.@00001483181 aVento, Cathy.@00001173691